Fifty years of Indian Parliamentary democracy, 1947-1997 (Record no. 482852)

000 -LEADER
fixed length control field 00394cam a22001217a 4500
008 - FIXED-LENGTH DATA ELEMENTS--GENERAL INFORMATION
fixed length control field 180718b1997 xxu||||| |||| 00| 0 eng d
082 ## - DEWEY DECIMAL CLASSIFICATION NUMBER
Classification number B253x54 F466
245 ## - TITLE STATEMENT
Title Fifty years of Indian Parliamentary democracy, 1947-1997
Statement of responsibility, etc. by Lok Sabha Secretariat
260 ## - PUBLICATION, DISTRIBUTION, ETC.
Place of publication, distribution, etc. New Delhi
Name of publisher, distributor, etc. Lok Sabha Secretariat
Date of publication, distribution, etc. 1997
300 ## - PHYSICAL DESCRIPTION
Extent 160+p.
650 ## - SUBJECT ADDED ENTRY--TOPICAL TERM
Topical term or geographic name entry element Democracy - India
700 ## - ADDED ENTRY--PERSONAL NAME
Personal name India. Lok Sabha Secretariat
Holdings
Withdrawn status Lost status Damaged status Not for loan Permanent Location Current Location Date acquired Full call number Barcode Date last seen Price effective from Koha item type
        Indian Institute of Public Administration Indian Institute of Public Administration 2018-08-04 B253x54 F466 G19154 2018-08-04 2018-08-04 G

Powered by Koha